Statistics for France Top 2 Cities by Département Map Quiz

Click here to take the quiz!

General Stats

  • This quiz has been taken 93 times
  • The average score is 102 of 191

Answers on the Map

Answers color-coded by a green-red scale on the quiz's map according to % correct below.
 

Answer Stats

Nom de la régionDépartementNom de la communePopulation municipale% Correct
Provence-Alpes-Côte d'AzurBouches-du-RhôneMarseille863 310
97%
Auvergne-Rhône-AlpesRhôneLyon516 092
95%
Nouvelle-AquitaineGirondeBordeaux254 436
93%
Hauts-de-FranceNordLille232 787
93%
Provence-Alpes-Côte d'AzurAlpes-MaritimesNice340 017
93%
Île-de-FranceParisParis2 187 526
93%
Grand EstBas-RhinStrasbourg280 966
93%
NormandieCalvadosCaen105 354
92%
OccitanieHéraultMontpellier285 121
92%
BretagneIlle-et-VilaineRennes216 815
90%
Provence-Alpes-Côte d'AzurVarToulon171 953
90%
OccitanieHaute-GaronneToulouse479 553
90%
Auvergne-Rhône-AlpesIsèreGrenoble158 454
89%
Pays de la LoireVendéeLa Roche-sur-Yon54 372
89%
NormandieSeine-MaritimeLe Havre170 147
89%
Pays de la LoireLoire-AtlantiqueNantes309 346
89%
BretagneFinistèreBrest140 064
87%
Bourgogne-Franche-ComtéCôte-d'OrDijon156 920
87%
Grand EstMoselleMetz116 429
87%
NormandieSeine-MaritimeRouen110 145
87%
Auvergne-Rhône-AlpesLoireSaint-Étienne172 565
87%
Centre-Val de LoireIndre-et-LoireTours135 787
87%
Auvergne-Rhône-AlpesSavoieAix-les-Bains29 794
85%
Pays de la LoireMaine-et-LoireAngers152 960
85%
Auvergne-Rhône-AlpesPuy-de-DômeClermont-Ferrand143 886
85%
OccitanieGardNîmes150 610
85%
Centre-Val de LoireLoiretOrléans116 685
85%
OccitaniePyrénées-OrientalesPerpignan120 158
85%
Île-de-FranceYvelinesVersailles85 862
85%
Hauts-de-FranceSommeAmiens134 057
84%
Hauts-de-FrancePas-de-CalaisCalais73 911
84%
Nouvelle-AquitaineCharente-MaritimeLa Rochelle75 735
84%
Pays de la LoireSartheLe Mans142 946
84%
BretagneFinistèreQuimper62 985
84%
Grand EstMarneReims182 460
84%
Provence-Alpes-Côte d'AzurBouches-du-RhôneAix-en-Provence142 482
82%
Grand EstMeurthe-et-MoselleNancy104 286
82%
Nouvelle-AquitaineViennePoitiers88 291
82%
Nouvelle-AquitainePyrénées-AtlantiquesPau77 130
80%
CorseCorse-du-SudAjaccio70 659
79%
CorseHaute-CorseBastia45 715
79%
Bourgogne-Franche-ComtéDoubsBesançon115 934
79%
Provence-Alpes-Côte d'AzurAlpes-MaritimesCannes73 868
79%
NormandieMancheCherbourg-en-Cotentin79 200
79%
Nouvelle-AquitaineHaute-VienneLimoges132 175
79%
Auvergne-Rhône-AlpesHaute-SavoieAnnecy126 924
77%
Provence-Alpes-Côte d'AzurVaucluseAvignon91 921
77%
Grand EstHaut-RhinColmar69 105
77%
Grand EstHaut-RhinMulhouse109 443
77%
Île-de-FranceSeine-Saint-DenisSaint-Denis111 135
77%
Auvergne-Rhône-AlpesAinBourg-en-Bresse41 527
75%
Nouvelle-AquitaineDeux-SèvresNiort58 707
75%
Grand EstAubeTroyes61 652
75%
Auvergne-Rhône-AlpesDrômeValence63 714
75%
Provence-Alpes-Côte d'AzurHautes-AlpesGap40 895
74%
Bourgogne-Franche-ComtéYonneAuxerre34 634
72%
OccitanieAudeCarcassonne46 031
72%
BretagneIlle-et-VilaineSaint-Malo46 097
72%
Bourgogne-Franche-ComtéTerritoire de BelfortBelfort47 656
70%
Centre-Val de LoireIndreChâteauroux43 741
70%
BretagneMorbihanLorient57 149
70%
Nouvelle-AquitainePyrénées-AtlantiquesBayonne51 228
69%
Auvergne-Rhône-AlpesRhôneVilleurbanne147 712
69%
Nouvelle-AquitaineCharenteAngoulême41 740
67%
OccitanieHéraultBéziers77 177
67%
BretagneMorbihanVannes53 352
67%
Bourgogne-Franche-ComtéSaône-et-LoireChalon-sur-Saône45 096
66%
Auvergne-Rhône-AlpesSavoieChambéry58 919
66%
OccitanieAudeNarbonne54 700
66%
OccitanieTarnAlbi48 970
64%
Hauts-de-FranceOiseBeauvais56 254
64%
Île-de-FranceHauts-de-SeineBoulogne-Billancourt120 071
64%
Grand EstArdennesCharleville-Mézières46 428
64%
Centre-Val de LoireEure-et-LoirChartres38 578
64%
Pays de la LoireLoire-AtlantiqueSaint-Nazaire69 993
64%
Nouvelle-AquitaineLot-et-GaronneAgen33 576
62%
Bourgogne-Franche-ComtéSaône-et-LoireMâcon33 638
62%
BretagneCôtes-d'ArmorSaint-Brieuc44 372
62%
Hauts-de-FrancePas-de-CalaisArras41 019
61%
Centre-Val de LoireCherBourges64 551
61%
NormandieEureÉvreux47 733
61%
OccitanieAriègeFoix9 532
61%
Pays de la LoireMayenneLaval49 728
61%
OccitanieAveyronRodez24 057
61%
Hauts-de-FranceNordTourcoing97 368
61%
NormandieOrneAlençon25 848
59%
Île-de-FranceVal-d'OiseArgenteuil110 210
59%
Centre-Val de LoireLoir-et-CherBlois46 086
59%
Provence-Alpes-Côte d'AzurAlpes-de-Haute-ProvenceDigne-les-Bains16 460
59%
Hauts-de-FranceAisneSaint-Quentin53 816
59%
OccitanieHautes-PyrénéesTarbes41 518
59%
Auvergne-Rhône-AlpesCantalAurillac25 499
57%
Île-de-FranceVal-de-MarneCréteil90 605
57%
OccitanieTarn-et-GaronneMontauban60 810
57%
Bourgogne-Franche-ComtéNièvreNevers32 990
57%
Nouvelle-AquitaineDordognePérigueux29 966
57%
Auvergne-Rhône-AlpesAllierVichy24 166
57%
Grand EstMeuseBar-le-Duc14 985
56%
Île-de-FranceHauts-de-SeineNanterre95 105
56%
Grand EstVosgesÉpinal31 740
54%
Nouvelle-AquitaineCorrèzeBrive-la-Gaillarde46 916
52%
Île-de-FranceEssonneÉvry-Courcouronnes67 967
52%
Auvergne-Rhône-AlpesHaute-LoireLe Puy-en-Velay18 995
52%
NormandieMancheSaint-Lô19 116
52%
Grand EstMeuseVerdun17 475
52%
Île-de-FranceVal-d'OiseCergy65 177
51%
Nouvelle-AquitaineCreuseGuéret13 161
51%
Bourgogne-Franche-ComtéJuraLons-le-Saunier17 291
51%
Nouvelle-AquitaineLandesMont-de-Marsan29 554
51%
Nouvelle-AquitaineCorrèzeTulle14 836
51%
OccitanieGersAuch21 935
49%
OccitanieLotCahors19 878
49%
Nouvelle-AquitaineLandesDax20 681
48%
Île-de-FranceSeine-et-MarneMeaux54 991
48%
OccitanieLozèreMende12 134
48%
Provence-Alpes-Côte d'AzurVaucluseOrange28 919
48%
Île-de-FranceVal-de-MarneVitry-sur-Seine93 557
48%
Grand EstMarneChâlons-en-Champagne44 753
46%
Hauts-de-FranceOiseCompiègne40 199
46%
Auvergne-Rhône-AlpesAllierMontluçon35 653
46%
Île-de-FranceSeine-Saint-DenisMontreuil109 897
46%
Bourgogne-Franche-ComtéSaôneVesoul14 916
46%
Grand EstMoselleThionville40 701
44%
Hauts-de-FranceSommeAbbeville22 946
43%
Bourgogne-Franche-ComtéCôte-d'OrBeaune21 031
43%
OccitanieHautes-PyrénéesLourdes13 389
43%
Nouvelle-AquitaineGirondeMérignac70 105
43%
CorseCorse-du-SudPorto-Vecchio12 042
43%
OccitanieGardAlès40 219
41%
Nouvelle-AquitaineCharenteCognac18 825
41%
Centre-Val de LoireEure-et-LoirDreux31 044
39%
Auvergne-Rhône-AlpesDrômeMontélimar39 097
39%
Nouvelle-AquitaineDordogneBergerac26 833
38%
Provence-Alpes-Côte d'AzurHautes-AlpesBriançon11 625
38%
Bourgogne-Franche-ComtéJuraDole23 708
38%
Bourgogne-Franche-ComtéYonneSens25 935
38%
Grand EstHaute-MarneChaumont21 945
36%
Pays de la LoireMaine-et-LoireCholet53 917
36%
Pays de la LoireVendéeLes Sables-d'Olonne44 017
36%
Auvergne-Rhône-AlpesAinOyonnax22 427
36%
Nouvelle-AquitaineCharente-MaritimeSaintes25 470
36%
Grand EstArdennesSedan16 428
36%
Auvergne-Rhône-AlpesHaute-SavoieAnnemasse35 712
34%
BretagneCôtes-d'ArmorLannion19 880
33%
Provence-Alpes-Côte d'AzurVarLa Seyne-sur-Mer63 936
33%
Bourgogne-Franche-ComtéDoubsMontbéliard25 395
33%
Grand EstVosgesSaint-Dié-des-Vosges19 607
33%
Hauts-de-FranceAisneSoissons28 530
31%
OccitanieTarnCastres41 636
30%
OccitanieAveyronMillau22 109
30%
OccitanieAriègePamiers15 675
30%
Grand EstHaute-MarneSaint-Dizier24 012
28%
Centre-Val de LoireCherVierzon25 903
28%
Grand EstBas-RhinHaguenau34 504
26%
Île-de-FranceEssonneCorbeil-Essonnes51 292
25%
Provence-Alpes-Côte d'AzurAlpes-de-Haute-ProvenceManosque22 333
25%
Auvergne-Rhône-AlpesArdècheAnnonay16 345
21%
Nouvelle-AquitaineVienneChâtellerault31 840
21%
OccitanieLotFigeac9 792
20%
Pays de la LoireSartheLa Flèche14 956
20%
Nouvelle-AquitaineCreuseLa Souterraine5 207
20%
Île-de-FranceYvelinesSartrouville51 967
20%
Nouvelle-AquitaineLot-et-GaronneVilleneuve-sur-Lot22 064
20%
Auvergne-Rhône-AlpesArdècheAubenas12 172
18%
Nouvelle-AquitaineDeux-SèvresBressuire19 519
18%
NormandieOrneFlers14 734
16%
Centre-Val de LoireIndre-et-LoireJoué-lès-Tours37 893
16%
Pays de la LoireMayenneChâteau-Gontier-sur-Mayenne16 776
15%
Centre-Val de LoireIndreIssoudun11 905
15%
Centre-Val de LoireLoir-et-CherRomorantin-Lanthenay17 754
15%
Auvergne-Rhône-AlpesCantalSaint-Flour6 435
15%
Grand EstMeurthe-et-MoselleVandœuvre-lès-Nancy30 002
15%
Auvergne-Rhône-AlpesLoireSaint-Chamond34 967
13%
Auvergne-Rhône-AlpesIsèreSaint-Martin-d'Hères38 487
13%
NormandieEureVernon23 872
13%
CorseHaute-CorseBorgo8 760
11%
OccitaniePyrénées-OrientalesCanet-en-Roussillon12 130
11%
Île-de-FranceSeine-et-MarneChelles54 917
11%
OccitanieHaute-GaronneColomiers38 951
11%
Bourgogne-Franche-ComtéSaôneHéricourt10 601
11%
NormandieCalvadosHérouville-Saint-Clair22 954
11%
OccitanieTarn-et-GaronneCastelsarrasin13 944
10%
OccitanieLozèreMarvejols4 722
10%
Bourgogne-Franche-ComtéTerritoire de BelfortDelle5 690
8%
Centre-Val de LoireLoiretOlivet21 951
8%
Grand EstAubeRomilly-sur-Seine14 451
8%
Bourgogne-Franche-ComtéNièvreCosne-Cours-sur-Loire9 874
7%
Auvergne-Rhône-AlpesPuy-de-DômeCournon-d'Auvergne20 043
7%
Nouvelle-AquitaineHaute-VienneSaint-Junien11 202
7%
OccitanieGersL' Isle-Jourdain8 851
5%
Auvergne-Rhône-AlpesHaute-LoireMonistrol-sur-Loire8 718
3%

Score Distribution

Percentile by Number Answered

Percent of People with Each Score

Your Score History

You have not taken this quiz